The Sign of Babinski / A Study of the Evolution of Cortical Dominance in Primates (Record no. 1387)

000 -LEADER
fixed length control field 00587nam a22001937a 4500
005 - DATE AND TIME OF LATEST TRANSACTION
control field 20210426081428.0
008 - FIXED-LENGTH DATA ELEMENTS--GENERAL INFORMATION
fixed length control field 210215s1932 ||||| |||| 00| 0 eng d
040 ## - CATALOGING SOURCE
Original cataloging agency eng
Transcribing agency DLC
041 ## - LANGUAGE CODE
Language code of text/sound track or separate title eng
080 ## - UNIVERSAL DECIMAL CLASSIFICATION NUMBER
Universal Decimal Classification number 59
Item number F-96
100 ## - MAIN ENTRY--PERSONAL NAME
9 (RLIN) 629
Personal name Fulton, F. John
Relator term Editor
245 ## - TITLE STATEMENT
Title The Sign of Babinski / A Study of the Evolution of Cortical Dominance in Primates
Statement of responsibility, etc. / by: Charles C. Thomas
260 ## - PUBLICATION, DISTRIBUTION, ETC.
Place of publication, distribution, etc. Springfield
Name of publisher, distributor, etc. Charles C. Thomas
Date of publication, distribution, etc. 1932
300 ## - PHYSICAL DESCRIPTION
Extent 165 p.
Other physical details ill.
650 #0 - SUBJECT ADDED ENTRY--TOPICAL TERM
9 (RLIN) 466
Topical term or geographic name entry element Zoology
653 ## - INDEX TERM--UNCONTROLLED
Uncontrolled term ზოოლოგია
700 ## - ADDED ENTRY--PERSONAL NAME
9 (RLIN) 884
Personal name Keller, D. Allen
942 ## - ADDED ENTRY ELEMENTS (KOHA)
Source of classification or shelving scheme
Koha item type Books
Holdings
Withdrawn status Lost status Source of classification or shelving scheme Damaged status Not for loan Permanent location Current location Date acquired Inventory number Total Checkouts Full call number Barcode Date last seen Price effective from Koha item type
          Ken Walker International University Ken Walker International University 02/15/2021 2262   59 F-96 2262 02/15/2021 02/15/2021 Books

Powered by Koha